000 00275nam a2200121 a 4500
001 4140
005 20140414132014.0
008 090218s19uu xx 00 eng d
050 _aTR
_bAN5 1998
100 _aMurphy, Stuart J.
245 _aAnimals on board.
999 _c113329
_d113329